Test de culture générale (DM) - Statistiques

Statistiques générales
  • Ce quiz a été pris 568 fois
    457 depuis la dernière actualisation
  • Le résultat moyen est 7 sur 14
Statistiques - réponses
Question Réponse % Correct
Quel est l'auteur de fable le plus connu de tout les temps ? Jean de la Fontaine
89%
Qui est l'intrus ? Google,Amazon,Facebook (Meta),Apple,Yahoo et Microsoft Yahoo
86%
Quelle est la planète du système solaire la plus proche en taille de nous ? Vénus
78%
Ce pays, c'est la... 🇯🇲 Jamaique
71%
Qui a découvert le radium ? Marie curie
70%
Deux grand compositeurs, Wolgang Amadeus Mozart et Ludwig van... Beethoven
69%
Français, allemand, suisse, anglais ou... (autre pays corespondant) Italien
58%
Français, allemand, suisse, anglais ou... (autre pays correspondant) Espagnol
51%
La tour eiffel a été construite a l'occasion de l'exposition universelle de... 1889
46%
Quelle tribue barbare a (non officiellement) probablement découvert l'amérique avant C.Colomb ? Les Vikings
41%
Qu'est-ce que la VMA ? C'est la Vitesse Maximale... Aérobie
31%
Bonjour, Hello, Guten tag, Holà, ... Buongiorno
17%
L'anglais n'est pas la langue la plus parlée (c'est l'allemand) en... Europe
14%
Quel petit handicap Albert Einstein avait-il ? La dyslexie
7%
Aucun quiz correspondant
Distribution des résultats
% des personnes avec chaque résultat
Percentile par nombre de réponses
Votre historique - résultats
Vous n’avez pas pris ce quiz depuis la dernière actualisation